000
00238nam a2200097Ia 4500
008
240331s9999 xx 000 0 und d
082
_b
FER
100
_a
Fernando ,V
245
4
_a
The Migrant Housemaid :
_b
Vol.28, No.2-August 1989
942
_c
L
999
_c
2829
_d
2829